La danza en México durante la época colonial (Record no. 10525)
[ view plain ]
| 000 -CABECERA | |
|---|---|
| campo de control de longitud fija | 00779nam a2200253 a 4500 |
| 001 - NÚMERO DE CONTROL | |
| campo de control | BRL_1717 |
| 005 - FECHA Y HORA DE LA ÚLTIMA TRANSACCIÓN | |
| campo de control | 20190320211334.0 |
| 008 - DATOS DE LONGITUD FIJA--INFORMACIÓN GENERAL | |
| campo de control de longitud fija | 290514s1990----mx-#######---#000-e#spa-# |
| 020 ## - NÚMERO INTERNACIONAL ESTÁNDAR DEL LIBRO | |
| Número Internacional Estándar del Libro | 9683902995 |
| 041 ## - CÓDIGO DE LENGUA | |
| Código de lengua del texto/banda sonora o título independiente | spa |
| 044 ## - CÓDIGO DEL PAÍS DE LA ENTIDAD EDITORA/PRODUCTORA | |
| Código MARC del país | mx |
| 050 #4 - SIGNATURA TOPOGRÁFICA DE LA BIBLIOTECA DEL CONGRESO | |
| Número de clasificación | GV1627 |
| Número de documento/Ítem | .R36 1990 |
| 100 1# - ENTRADA PRINCIPAL--NOMBRE DE PERSONA | |
| Nombre de persona | Ramos Smith, Maya |
| Fechas asociadas al nombre | 1944- |
| 9 (RLIN) | 27715 |
| 245 10 - MENCIÓN DE TÍTULO | |
| Título | La danza en México durante la época colonial |
| Mención de responsabilidad, etc. | Maya Ramos Smith. |
| 260 ## - PUBLICACIÓN, DISTRIBUCIÓN, ETC. | |
| Lugar de publicación, distribución, etc. | México |
| Nombre del editor, distribuidor, etc. | Alianza : Consejo Nacional para la Cultura y las Artes |
| Fecha de publicación, distribución, etc. | 1990 |
| 300 ## - DESCRIPCIÓN FÍSICA | |
| Extensión | 212 p. |
| Dimensiones | 21 cm. |
| 440 #0 - MENCIÓN DE SERIE/PUNTO DE ACCESO ADICIONAL--TÍTULO | |
| Título | Los Noventa |
| Designación de volumen o secuencia | 19 |
| 9 (RLIN) | 27716 |
| 500 ## - NOTA GENERAL | |
| Nota general | Au1757 |
| 504 ## - NOTA DE BIBLIOGRAFÍA, ETC. | |
| Nota de bibliografía, etc. | Bibliografía: p. 207-212 |
| 650 14 - PUNTO DE ACCESO ADICIONAL DE MATERIA--TÉRMINO DE MATERIA | |
| Término de materia o nombre geográfico como elemento de entrada | Danza |
| Subdivisión general | Historia |
| Subdivisión cronológica | Siglo XVI |
| Subdivisión geográfica | México |
| 9 (RLIN) | 27717 |
| 710 2# - PUNTO DE ACCESO ADICIONAL--NOMBRE DE ENTIDAD CORPORATIVA | |
| Nombre de entidad corporativa o nombre de jurisdicción como elemento de entrada | Consejo Nacional para la Cultura y las Artes |
| 9 (RLIN) | 26265 |
| 902 ## - CATALOGADOR | |
| Iniciales | GRL |
| 942 ## - ELEMENTOS DE PUNTO DE ACCESO ADICIONAL (KOHA) | |
| Fuente del sistema de clasificación o colocación | Library of Congress Classification |
| Tipo de ítem Koha | Libros |
| Estado de retiro | Estado de pérdida | Estado dañado | No para préstamo | Localización permanente | Ubicación/localización actual | Fecha de adquisición | Número de inventario | Total de préstamos | Signatura topográfica completa | Código de barras | Fecha visto por última vez | Precio válido a partir de | Tipo de ítem Koha |
|---|---|---|---|---|---|---|---|---|---|---|---|---|---|
| El ejemplar forma parte de la colección y puede ser consultado según las políticas vigentes. | Biblioteca Centro de Estudios Ruth D. Lechuga | Biblioteca Centro de Estudios Ruth D. Lechuga | 29/05/2014 | Au1757 | GV1627 .R36 1990 (Au1757) | GRL01883 | 22/03/2019 | 22/03/2019 | Libros |